000 00503nam a2200169Ia 4500
999 _c579
_d579
003 OSt
005 20210903121953.0
008 190216s9999||||xx |||||||||||||| ||und||
040 _coclc
082 _a297
_bALZ/M
100 _aAl Zarqani, Muhammed Abdul Azim
_98771
245 0 _aManahit Al Irfan Fi Uloomi Al Quran /
_cMuhammed Abdul Azim Al Zarqani
260 _bAl Huda Book Stall,
_aCalicut:
300 _a179p
650 _aArabic
942 _cBK
_2ddc
_h297
_iALZ/M
_k297
_mALZ/M